000 01302nam a22001457a 4500
003 0
005 20221007130449.0
008 221007b xxu||||| |||| 00| 0 eng d
050 _aHF6161
_b.D38 2022
245 _aImpacts of celebrity endorsement in raising brand awareness among schools in Las Pinas City as perceived by selected respondents
_cAnton Miguel Reyes David
260 _aLas Pinas City, Philippines
_bSouthville International School and Colleges
_cC2022
300 _ax,102pp.
_c28cm.
_fTheses
500 _aCelebrity endorsement.
942 _2lcc
_cTH
999 _c364840
_d364840